[Event "Blitz 2018"]
[Site "Saint-Petersburg"]
[Date "2018.12.29"]
[Round "9"]
[Board "27"]
[White "Alekseenko Kirill (RUS)"]
[Black "Tsydypov Zhamsaran (RUS)"]
[Result "0-1"]
[LiveChessVersion "1.4.8"]
[BlackElo "2573"]
[WhiteElo "2665"]

1. e4 {[%clk 0:03:03]} c5 {[%clk 0:03:03]} 2. Nf3 Nc6 3. d4 {[%clk 0:03:05]} cxd4
{[%clk 0:03:06]} 4. Nxd4 {[%clk 0:03:06]} Nf6 {[%clk 0:03:08]} 5. Nc3
{[%clk 0:03:08]} e5 {[%clk 0:03:09]} 6. Ndb5 {[%clk 0:03:09]} d6 {[%clk 0:03:10]}
7. Bg5 a6 8. Na3 b5 9. Nd5 {[%clk 0:03:10]} Be7 {[%clk 0:03:14]} 10. Bxf6 Bxf6
11. c4 {[%clk 0:03:12]} Nd4 {[%clk 0:03:10]} 12. cxb5 {[%clk 0:03:08]} Bg5
{[%clk 0:03:09]} 13. bxa6 {[%clk 0:02:57]} O-O {[%clk 0:03:09]} 14. Bd3
{[%clk 0:02:56]} Qa5+ {[%clk 0:02:51]} 15. Nc3 {[%clk 0:02:57]} Bxa6
{[%clk 0:01:51]} 16. O-O {[%clk 0:02:58]} Rfb8 {[%clk 0:01:52]} 17. Bxa6
{[%clk 0:02:40]} Qxa6 {[%clk 0:01:50]} 18. Rb1 {[%clk 0:02:25]} g6
{[%clk 0:01:21]} 19. Nd5 {[%clk 0:02:21]} Rb7 {[%clk 0:01:20]} 20. Kh1
{[%clk 0:01:56]} Rab8 {[%clk 0:01:17]} 21. f4 {[%clk 0:01:57]} Bd8
{[%clk 0:01:08]} 22. Qd2 {[%clk 0:01:34]} Rxb2 {[%clk 0:01:05]} 23. Qe3
{[%clk 0:01:09]} Rxb1 {[%clk 0:00:13]} 24. Rxb1 {[%clk 0:01:11]} Rxb1+
{[%clk 0:00:14]} 25. Nxb1 {[%clk 0:01:12]} Qxa2 {[%clk 0:00:15]} 26. Nbc3
{[%clk 0:00:58]} Qc4 {[%clk 0:00:13]} 27. fxe5 {[%clk 0:00:47]} dxe5
{[%clk 0:00:15]} 28. Qf2 {[%clk 0:00:39]} Bh4 {[%clk 0:00:12]} 29. g3
{[%clk 0:00:39]} Bg5 {[%clk 0:00:13]} 30. Kg2 {[%clk 0:00:40]} Qd3
{[%clk 0:00:14]} 31. h4 Bd8 32. Qe3 {[%clk 0:00:25]} Qc4 {[%clk 0:00:17]} 33. Qf2
{[%clk 0:00:26]} Qd3 {[%clk 0:00:15]} 34. Qe3 {[%clk 0:00:28]} Qa6
{[%clk 0:00:13]} 35. Qf2 {[%clk 0:00:29]} h5 {[%clk 0:00:10]} 36. Qb2
{[%clk 0:00:28]} Kg7 {[%clk 0:00:10]} 37. Qb8 {[%clk 0:00:26]} Nc6
{[%clk 0:00:12]} 38. Qd6 {[%clk 0:00:26]} Qc4 {[%clk 0:00:11]} 39. Kh2
{[%clk 0:00:22]} Ba5 {[%clk 0:00:09]} 40. Qf6+ {[%clk 0:00:23]} Kg8
{[%clk 0:00:06]} 41. Nd1 {[%clk 0:00:19]} Qc2+ {[%clk 0:00:07]} 42. Nf2
{[%clk 0:00:20]} Bd8 {[%clk 0:00:07]} 43. Qf3 Nd4 44. Qe3 {[%clk 0:00:14]} Ba5
{[%clk 0:00:10]} 45. Kh3 {[%clk 0:00:12]} Bd8 {[%clk 0:00:10]} 46. Nd3
{[%clk 0:00:11]} Qc8+ {[%clk 0:00:10]} 47. Kg2 {[%clk 0:00:11]} Qc2+
{[%clk 0:00:11]} 48. Kh3 {[%clk 0:00:12]} Qd1 {[%clk 0:00:11]} 49. Kg2
{[%clk 0:00:11]} Nc2 {[%clk 0:00:13]} 50. Qf3 {[%clk 0:00:04]} Qxd3
{[%clk 0:00:13]} 0-1

[Event "Blitz 2018"]
[Site "Saint-Petersburg"]
[Date "2018.12.29"]
[Round "9"]
[Board "28"]
[White "Drygalov Sergey (RUS)"]
[Black "Amin Bassem (EGY)"]
[Result "0-1"]
[LiveChessVersion "1.4.8"]
[BlackElo "2659"]
[WhiteElo "2428"]

1. d4 {[%clk 0:03:03]} e6 {[%clk 0:03:03]} 2. Nf3 {[%clk 0:03:02]} f5
{[%clk 0:03:04]} 3. c4 {[%clk 0:02:59]} Nf6 {[%clk 0:03:04]} 4. Nc3
{[%clk 0:03:01]} Be7 {[%clk 0:03:05]} 5. Bf4 {[%clk 0:03:01]} O-O
{[%clk 0:03:05]} 6. e3 {[%clk 0:03:02]} d6 {[%clk 0:03:04]} 7. h3
{[%clk 0:02:58]} Qe8 {[%clk 0:03:03]} 8. Bd3 {[%clk 0:02:37]} Nc6
{[%clk 0:03:03]} 9. Bh2 {[%clk 0:02:25]} Qg6 {[%clk 0:02:42]} 10. Rg1
{[%clk 0:02:11]} Ne4 {[%clk 0:02:36]} 11. Qb3 {[%clk 0:02:06]} Bd7
{[%clk 0:01:51]} 12. d5 {[%clk 0:01:46]} Nc5 {[%clk 0:01:37]} 13. Qd1
{[%clk 0:01:29]} Nxd3+ {[%clk 0:01:35]} 14. Qxd3 {[%clk 0:01:30]} Nb4
{[%clk 0:01:36]} 15. Qd2 {[%clk 0:01:20]} e5 {[%clk 0:01:37]} 16. O-O-O
{[%clk 0:00:51]} a5 {[%clk 0:01:29]} 17. a3 {[%clk 0:00:33]} Na6 {[%clk 0:01:28]}
18. Kb1 {[%clk 0:00:33]} Nc5 {[%clk 0:01:28]} 19. Ka2 {[%clk 0:00:34]} a4
{[%clk 0:01:23]} 20. Ne1 {[%clk 0:00:30]} Bf6 {[%clk 0:01:07]} 21. Nd3
{[%clk 0:00:27]} Nb3 {[%clk 0:00:33]} 22. Qc2 {[%clk 0:00:27]} Kh8
{[%clk 0:00:25]} 23. Nc1 {[%clk 0:00:17]} Na5 {[%clk 0:00:18]} 24. Qe2
{[%clk 0:00:15]} e4 {[%clk 0:00:17]} 25. Nb5 {[%clk 0:00:16]} Rfc8
{[%clk 0:00:12]} 26. Nd4 {[%clk 0:00:15]} Be5 {[%clk 0:00:12]} 27. Bxe5
{[%clk 0:00:10]} dxe5 {[%clk 0:00:13]} 28. Nc2 {[%clk 0:00:07]} b5
{[%clk 0:00:12]} 29. c5 {[%clk 0:00:07]} c6 {[%clk 0:00:13]} 30. d6
{[%clk 0:00:05]} Nb7 {[%clk 0:00:15]} 31. g4 {[%clk 0:00:04]} f4 {[%clk 0:00:16]}
32. exf4 {[%clk 0:00:05]} exf4 {[%clk 0:00:17]} 33. Nb4 {[%clk 0:00:03]} Nxc5 34.
Ka1 Re8 {[%clk 0:00:17]} 35. Rd4 {[%clk 0:00:05]} Qf7 {[%clk 0:00:17]} 36. Re1
{[%clk 0:00:05]} e3 {[%clk 0:00:17]} 37. f3 {[%clk 0:00:04]} Nb3+
{[%clk 0:00:13]} 38. Nxb3 {[%clk 0:00:05]} axb3 {[%clk 0:00:13]} 39. Rc1
{[%clk 0:00:05]} Rac8 {[%clk 0:00:12]} 40. Nd3 {[%clk 0:00:06]} Be6
{[%clk 0:00:12]} 41. Rxf4 {[%clk 0:00:06]} Qd7 {[%clk 0:00:10]} 42. Qxe3
{[%clk 0:00:05]} Qxd6 {[%clk 0:00:10]} 43. Rd4 {[%clk 0:00:05]} Bd5
{[%clk 0:00:11]} 44. Qf4 {[%clk 0:00:06]} Qe7 {[%clk 0:00:11]} 45. Nb4
{[%clk 0:00:07]} Ra8 {[%clk 0:00:11]} 46. g5 {[%clk 0:00:04]} Bc4
{[%clk 0:00:12]} 47. Re4 {[%clk 0:00:04]} Qxb4 {[%clk 0:00:08]} 48. Rxe8+
{[%clk 0:00:05]} Rxe8 {[%clk 0:00:10]} 49. g6 {[%clk 0:00:05]} Qe7
{[%clk 0:00:05]} 50. gxh7 {[%clk 0:00:03]} Ra8 {[%clk 0:00:06]} 51. Rd1
{[%clk 0:00:03]} Rxa3+ {[%clk 0:00:05]} 52. Kb1 {[%clk 0:00:05]} Ra8
{[%clk 0:00:06]} 53. Kc1 {[%clk 0:00:04]} Ra1+ {[%clk 0:00:06]} 0-1

[Event "Blitz 2018"]
[Site "Saint-Petersburg"]
[Date "2018.12.29"]
[Round "9"]
[Board "29"]
[White "Maghsoodloo Parham (IRI)"]
[Black "Timofeev Artyom (RUS)"]
[Result "1-0"]
[LiveChessVersion "1.4.8"]
[BlackElo "2568"]
[WhiteElo "2642"]

1. d4 {[%clk 0:03:02]} d5 {[%clk 0:03:03]} 2. Nf3 {[%clk 0:03:03]} e6
{[%clk 0:03:01]} 3. Bf4 {[%clk 0:03:03]} Bd6 {[%clk 0:03:00]} 4. e3
{[%clk 0:03:04]} Nf6 {[%clk 0:02:59]} 5. Nbd2 {[%clk 0:03:04]} b6
{[%clk 0:02:59]} 6. a4 {[%clk 0:02:47]} O-O {[%clk 0:02:34]} 7. Bg3
{[%clk 0:02:39]} c5 {[%clk 0:02:30]} 8. c3 {[%clk 0:02:40]} Bb7 {[%clk 0:02:31]}
9. Bd3 {[%clk 0:02:41]} Ne4 {[%clk 0:02:22]} 10. Bxd6 {[%clk 0:02:37]} Qxd6
{[%clk 0:02:19]} 11. O-O {[%clk 0:02:35]} Nd7 {[%clk 0:02:17]} 12. a5
{[%clk 0:02:36]} Nxd2 {[%clk 0:01:51]} 13. Qxd2 {[%clk 0:02:34]} e5
{[%clk 0:01:46]} 14. dxe5 {[%clk 0:02:20]} Nxe5 {[%clk 0:01:47]} 15. Nxe5
{[%clk 0:02:07]} Qxe5 {[%clk 0:01:47]} 16. Be2 {[%clk 0:02:07]} Rad8
{[%clk 0:01:42]} 17. Bf3 {[%clk 0:02:07]} Bc6 {[%clk 0:01:32]} 18. Rfd1
{[%clk 0:01:59]} Rd7 {[%clk 0:01:25]} 19. b4 {[%clk 0:01:43]} Qe7
{[%clk 0:00:54]} 20. axb6 {[%clk 0:01:17]} axb6 {[%clk 0:00:55]} 21. Ra6
{[%clk 0:01:18]} cxb4 {[%clk 0:00:42]} 22. cxb4 {[%clk 0:01:11]} Rb8
{[%clk 0:00:42]} 23. Qd4 {[%clk 0:01:11]} Qd8 {[%clk 0:00:38]} 24. h3
{[%clk 0:01:09]} h6 {[%clk 0:00:36]} 25. Ra2 {[%clk 0:01:06]} Qe7
{[%clk 0:00:26]} 26. Rc1 {[%clk 0:01:02]} Qd6 {[%clk 0:00:18]} 27. Rd2
{[%clk 0:00:47]} Kf8 {[%clk 0:00:12]} 28. e4 {[%clk 0:00:46]} Bb5
{[%clk 0:00:07]} 29. e5 {[%clk 0:00:31]} Qe7 {[%clk 0:00:09]} 30. Bxd5
{[%clk 0:00:26]} Rbd8 {[%clk 0:00:10]} 31. Qe4 {[%clk 0:00:24]} g6
{[%clk 0:00:10]} 32. Rd4 {[%clk 0:00:21]} Kg7 {[%clk 0:00:10]} 33. Rcd1
{[%clk 0:00:22]} Ba4 {[%clk 0:00:11]} 34. R1d2 {[%clk 0:00:23]} Rc7
{[%clk 0:00:08]} 35. f4 {[%clk 0:00:24]} Qh4 {[%clk 0:00:09]} 36. Kh2
{[%clk 0:00:24]} g5 {[%clk 0:00:08]} 37. g3 {[%clk 0:00:17]} Qh5 {[%clk 0:00:08]}
38. f5 {[%clk 0:00:16]} Re8 {[%clk 0:00:04]} 39. e6 {[%clk 0:00:15]} g4
{[%clk 0:00:03]} 40. Qe5+ {[%clk 0:00:10]} Kh7 {[%clk 0:00:04]} 41. Qxc7
{[%clk 0:00:09]} Qxh3+ 42. Kg1 1-0

[Event "Blitz 2018"]
[Site "Saint-Petersburg"]
[Date "2018.12.29"]
[Round "9"]
[Board "30"]
[White "Fedoseev Vladimir (RUS)"]
[Black "Oganian Miran (RUS)"]
[Result "0-1"]
[LiveChessVersion "1.4.8"]
[BlackElo "2326"]
[WhiteElo "2750"]

1. d4 {[%clk 0:03:03]} Nf6 {[%clk 0:03:03]} 2. c4 {[%clk 0:03:04]} e6
{[%clk 0:03:04]} 3. Nc3 {[%clk 0:03:05]} Bb4 {[%clk 0:03:04]} 4. e3
{[%clk 0:03:03]} O-O {[%clk 0:03:01]} 5. Bd3 {[%clk 0:03:04]} d5 {[%clk 0:03:00]}
6. cxd5 {[%clk 0:03:00]} exd5 {[%clk 0:02:59]} 7. Nge2 {[%clk 0:03:01]} Re8
{[%clk 0:02:46]} 8. Bd2 {[%clk 0:03:00]} c6 {[%clk 0:02:43]} 9. O-O
{[%clk 0:02:57]} Nbd7 {[%clk 0:02:37]} 10. f3 {[%clk 0:02:57]} c5
{[%clk 0:02:18]} 11. a3 {[%clk 0:02:53]} cxd4 {[%clk 0:02:17]} 12. exd4
{[%clk 0:02:37]} Bd6 {[%clk 0:02:12]} 13. Rc1 {[%clk 0:02:28]} Nb6
{[%clk 0:01:58]} 14. Nb5 {[%clk 0:02:02]} Bb8 {[%clk 0:01:50]} 15. Bf4
{[%clk 0:02:02]} Rxe2 {[%clk 0:00:47]} 16. Bxb8 {[%clk 0:01:58]} Rxb2
{[%clk 0:00:46]} 17. Bc7 {[%clk 0:01:54]} Qd7 {[%clk 0:00:46]} 18. Nd6
{[%clk 0:01:30]} Nc4 {[%clk 0:00:40]} 19. Bxc4 {[%clk 0:01:24]} Qxc7
{[%clk 0:00:32]} 20. Nb5 {[%clk 0:01:17]} Qb6 {[%clk 0:00:23]} 21. Bd3
{[%clk 0:01:09]} Rxb5 {[%clk 0:00:23]} 22. Bxb5 {[%clk 0:01:09]} Qxb5
{[%clk 0:00:25]} 23. Rc5 {[%clk 0:01:06]} Qb6 {[%clk 0:00:23]} 24. Qc2
{[%clk 0:01:07]} Be6 {[%clk 0:00:23]} 25. Rb1 {[%clk 0:01:08]} Qa6
{[%clk 0:00:19]} 26. a4 {[%clk 0:01:06]} g6 {[%clk 0:00:17]} 27. a5
{[%clk 0:01:06]} Bf5 {[%clk 0:00:17]} 0-1

[Event "Blitz 2018"]
[Site "Saint-Petersburg"]
[Date "2018.12.29"]
[Round "9"]
[Board "31"]
[White "Hovhannisyan Robert (ARM)"]
[Black "Bocharov Ivan (RUS)"]
[Result "1-0"]
[LiveChessVersion "1.4.8"]
[BlackElo "2715"]
[WhiteElo "2588"]

1. e4 {[%clk 0:03:03]} e5 {[%clk 0:03:04]} 2. Nf3 {[%clk 0:03:03]} Nc6
{[%clk 0:03:05]} 3. Nc3 {[%clk 0:03:04]} Nf6 {[%clk 0:03:06]} 4. d4
{[%clk 0:03:05]} exd4 {[%clk 0:03:05]} 5. Nxd4 {[%clk 0:03:07]} Bb4
{[%clk 0:03:07]} 6. Nxc6 {[%clk 0:03:07]} bxc6 {[%clk 0:03:08]} 7. Bd3
{[%clk 0:03:08]} d5 {[%clk 0:03:09]} 8. exd5 {[%clk 0:03:09]} cxd5
{[%clk 0:03:11]} 9. O-O {[%clk 0:03:09]} O-O {[%clk 0:03:12]} 10. h3
{[%clk 0:03:10]} c6 {[%clk 0:03:08]} 11. Qf3 {[%clk 0:03:11]} Rb8
{[%clk 0:03:06]} 12. Bf4 {[%clk 0:03:09]} Bd6 {[%clk 0:03:07]} 13. b3
{[%clk 0:03:09]} Rb4 {[%clk 0:02:58]} 14. Bxd6 {[%clk 0:03:10]} Qxd6
{[%clk 0:03:00]} 15. Rae1 {[%clk 0:03:11]} Be6 {[%clk 0:02:57]} 16. Qg3
{[%clk 0:03:11]} Qxg3 {[%clk 0:02:55]} 17. fxg3 {[%clk 0:03:12]} Nd7
{[%clk 0:02:48]} 18. Ne2 {[%clk 0:02:56]} Nc5 {[%clk 0:02:43]} 19. Nf4
{[%clk 0:02:41]} Rbb8 {[%clk 0:02:39]} 20. g4 {[%clk 0:02:31]} Rfe8
{[%clk 0:02:38]} 21. Kf2 {[%clk 0:02:23]} Bd7 {[%clk 0:02:34]} 22. Rxe8+
{[%clk 0:02:16]} Rxe8 {[%clk 0:02:35]} 23. Re1 {[%clk 0:02:16]} Rxe1
{[%clk 0:02:25]} 24. Kxe1 {[%clk 0:02:17]} Kf8 {[%clk 0:02:16]} 25. b4
{[%clk 0:02:14]} Na4 {[%clk 0:01:31]} 26. Kd2 {[%clk 0:02:04]} h6
{[%clk 0:01:32]} 27. Ke3 {[%clk 0:01:54]} Ke7 {[%clk 0:01:27]} 28. Kd4
{[%clk 0:01:53]} Kd6 {[%clk 0:01:28]} 29. Nh5 {[%clk 0:01:49]} g5
{[%clk 0:01:25]} 30. Nf6 {[%clk 0:01:25]} c5+ {[%clk 0:01:26]} 31. bxc5+
{[%clk 0:01:27]} Nxc5 {[%clk 0:01:27]} 32. Ng8 {[%clk 0:01:03]} Ne6+
{[%clk 0:01:27]} 33. Ke3 {[%clk 0:01:05]} Nf4 {[%clk 0:01:27]} 34. Nxh6
{[%clk 0:00:59]} f6 {[%clk 0:01:19]} 35. g3 {[%clk 0:00:55]} Ne6 {[%clk 0:01:11]}
36. c3 {[%clk 0:00:51]} Nc5 {[%clk 0:01:07]} 37. Bc2 {[%clk 0:00:49]} Be6
{[%clk 0:00:52]} 38. h4 {[%clk 0:00:48]} Nd7 {[%clk 0:00:51]} 39. Nf5+
{[%clk 0:00:43]} Kc5 40. Nh6 {[%clk 0:00:21]} Kc4 {[%clk 0:00:45]} 41. Kd2
{[%clk 0:00:22]} Ne5 {[%clk 0:00:46]} 42. Bb3+ {[%clk 0:00:22]} Kc5
{[%clk 0:00:47]} 43. h5 {[%clk 0:00:15]} Bxg4 {[%clk 0:00:43]} 44. Bd1
{[%clk 0:00:10]} Be6 {[%clk 0:00:38]} 45. Bc2 {[%clk 0:00:10]} Bg4
{[%clk 0:00:33]} 46. Nxg4 {[%clk 0:00:09]} Nxg4 {[%clk 0:00:34]} 47. Bf5
{[%clk 0:00:09]} Nh6 {[%clk 0:00:35]} 48. Bg6 {[%clk 0:00:07]} f5
{[%clk 0:00:31]} 49. Kd3 {[%clk 0:00:06]} f4 {[%clk 0:00:31]} 50. gxf4
{[%clk 0:00:07]} gxf4 {[%clk 0:00:33]} 51. Be8 {[%clk 0:00:05]} Kd6
{[%clk 0:00:33]} 52. Ke2 {[%clk 0:00:05]} Ke5 {[%clk 0:00:32]} 53. Kf3
{[%clk 0:00:05]} a5 {[%clk 0:00:26]} 54. Bc6 {[%clk 0:00:05]} Ng8
{[%clk 0:00:13]} 55. Bb5 {[%clk 0:00:05]} Kf5 {[%clk 0:00:12]} 56. Bc6
{[%clk 0:00:05]} Ne7 {[%clk 0:00:10]} 57. Bd7+ {[%clk 0:00:04]} Kg5
{[%clk 0:00:11]} 58. h6 {[%clk 0:00:05]} Ng6 {[%clk 0:00:07]} 59. h7
{[%clk 0:00:06]} Kf6 {[%clk 0:00:07]} 60. Bc6 {[%clk 0:00:05]} Kg7
{[%clk 0:00:08]} 61. Bxd5 {[%clk 0:00:06]} Ne7 {[%clk 0:00:09]} 62. Be4
{[%clk 0:00:07]} Nc8 {[%clk 0:00:08]} 63. Kxf4 Nb6 {[%clk 0:00:10]} 64. Ke5
{[%clk 0:00:09]} Na4 {[%clk 0:00:11]} 65. Kd4 {[%clk 0:00:10]} Nb6
{[%clk 0:00:09]} 66. c4 {[%clk 0:00:11]} 1-0

[Event "Blitz 2018"]
[Site "Saint-Petersburg"]
[Date "2018.12.29"]
[Round "9"]
[Board "32"]
[White "Melkumyan Hrant (ARM)"]
[Black "Popov Ivan (RUS)"]
[Result "1-0"]
[LiveChessVersion "1.4.8"]
[BlackElo "2560"]
[WhiteElo "2699"]

1. c4 {[%clk 0:03:03]} e5 {[%clk 0:03:02]} 2. Nc3 {[%clk 0:03:03]} Nf6
{[%clk 0:03:02]} 3. Nf3 {[%clk 0:03:03]} Nc6 {[%clk 0:03:02]} 4. e3
{[%clk 0:03:04]} Bb4 {[%clk 0:02:56]} 5. Qc2 {[%clk 0:03:05]} O-O
{[%clk 0:02:50]} 6. Nd5 {[%clk 0:03:06]} Re8 {[%clk 0:02:41]} 7. Qf5
{[%clk 0:03:07]} d6 {[%clk 0:02:35]} 8. Nxf6+ {[%clk 0:03:07]} Qxf6
{[%clk 0:02:36]} 9. Qxf6 {[%clk 0:03:07]} gxf6 {[%clk 0:02:37]} 10. a3
{[%clk 0:02:40]} Bc5 {[%clk 0:02:37]} 11. b4 {[%clk 0:02:37]} Bb6
{[%clk 0:02:37]} 12. Bb2 {[%clk 0:02:37]} a5 {[%clk 0:02:35]} 13. b5
{[%clk 0:02:37]} Ne7 {[%clk 0:02:23]} 14. Be2 {[%clk 0:02:37]} c6
{[%clk 0:02:00]} 15. a4 {[%clk 0:01:57]} Be6 {[%clk 0:01:40]} 16. d4
{[%clk 0:01:53]} cxb5 {[%clk 0:01:28]} 17. axb5 {[%clk 0:01:53]} Rac8
{[%clk 0:01:18]} 18. Rc1 {[%clk 0:01:52]} Nf5 {[%clk 0:00:58]} 19. O-O
{[%clk 0:01:45]} exd4 {[%clk 0:00:50]} 20. exd4 {[%clk 0:01:45]} Bd5
{[%clk 0:00:47]} 21. Bd3 {[%clk 0:01:38]} Be4 {[%clk 0:00:46]} 22. Rfd1
{[%clk 0:01:30]} Bxd3 {[%clk 0:00:44]} 23. Rxd3 {[%clk 0:01:31]} Re2
{[%clk 0:00:45]} 24. Ba3 {[%clk 0:01:32]} Re4 {[%clk 0:00:34]} 25. c5
{[%clk 0:01:26]} dxc5 {[%clk 0:00:31]} 26. dxc5 {[%clk 0:01:27]} Bc7
{[%clk 0:00:27]} 27. g3 {[%clk 0:01:28]} Rd8 {[%clk 0:00:13]} 28. Rcd1
{[%clk 0:01:29]} Rxd3 {[%clk 0:00:10]} 29. Rxd3 {[%clk 0:01:30]} Ra4
{[%clk 0:00:08]} 30. b6 {[%clk 0:01:30]} Be5 {[%clk 0:00:08]} 31. c6
{[%clk 0:01:27]} bxc6 {[%clk 0:00:07]} 32. Nxe5 {[%clk 0:01:28]} 1-0

[Event "Blitz 2018"]
[Site "Saint-Petersburg"]
[Date "2018.12.29"]
[Round "9"]
[Board "33"]
[White "Khusnutdinov Rustam (KAZ)"]
[Black "Shirov Alexei (ESP)"]
[Result "1/2-1/2"]
[LiveChessVersion "1.4.8"]
[BlackElo "2699"]
[WhiteElo "2582"]

1. Nc3 {[%clk 0:03:02]} d5 {[%clk 0:03:02]} 2. e4 {[%clk 0:03:03]} dxe4
{[%clk 0:03:00]} 3. Nxe4 {[%clk 0:03:04]} Nd7 {[%clk 0:03:00]} 4. d4
{[%clk 0:02:55]} Ngf6 {[%clk 0:02:56]} 5. Bd3 {[%clk 0:02:53]} Nxe4
{[%clk 0:02:53]} 6. Bxe4 {[%clk 0:02:54]} Nf6 {[%clk 0:02:54]} 7. Bf3
{[%clk 0:02:55]} g6 {[%clk 0:02:40]} 8. Ne2 {[%clk 0:02:55]} Bg7 {[%clk 0:02:41]}
9. O-O {[%clk 0:02:55]} O-O {[%clk 0:02:41]} 10. c3 {[%clk 0:02:54]} c6
{[%clk 0:02:34]} 11. h3 {[%clk 0:02:55]} a5 {[%clk 0:02:32]} 12. Bf4
{[%clk 0:02:35]} a4 {[%clk 0:02:32]} 13. Re1 {[%clk 0:02:36]} Nd5
{[%clk 0:02:31]} 14. Bg3 {[%clk 0:02:27]} Bf5 {[%clk 0:02:25]} 15. a3
{[%clk 0:02:12]} Qa5 {[%clk 0:02:09]} 16. Nf4 {[%clk 0:02:08]} e6
{[%clk 0:01:51]} 17. Nd3 {[%clk 0:02:08]} Bxd3 {[%clk 0:01:49]} 18. Qxd3
{[%clk 0:02:09]} Qa6 {[%clk 0:01:41]} 19. Qc2 {[%clk 0:02:07]} Rfd8
{[%clk 0:01:36]} 20. Rad1 {[%clk 0:02:02]} Qa5 {[%clk 0:01:35]} 21. Be4
{[%clk 0:01:56]} Nf6 {[%clk 0:01:33]} 22. Bd3 {[%clk 0:01:56]} c5
{[%clk 0:01:27]} 23. dxc5 {[%clk 0:01:47]} Qxc5 {[%clk 0:01:27]} 24. Be2
{[%clk 0:01:46]} Nd5 {[%clk 0:01:25]} 25. Bf3 {[%clk 0:01:47]} b5
{[%clk 0:01:25]} 26. Rd2 {[%clk 0:01:43]} Bh6 {[%clk 0:01:14]} 27. Rd4
{[%clk 0:01:38]} Bg7 {[%clk 0:01:13]} 28. Rd2 {[%clk 0:01:39]} Rac8
{[%clk 0:01:08]} 29. Red1 {[%clk 0:01:39]} Bf6 {[%clk 0:01:09]} 30. Qe4
{[%clk 0:01:27]} Nb6 {[%clk 0:01:03]} 31. Rxd8+ {[%clk 0:01:13]} Rxd8
{[%clk 0:01:03]} 32. Rxd8+ {[%clk 0:01:14]} Bxd8 {[%clk 0:01:04]} 33. Be5
{[%clk 0:01:15]} Bc7 {[%clk 0:00:56]} 34. Bd4 {[%clk 0:00:59]} Qd6
{[%clk 0:00:46]} 35. g3 {[%clk 0:00:55]} e5 {[%clk 0:00:37]} 36. Be3 Kg7 37. Qc6
{[%clk 0:00:45]} Nc4 {[%clk 0:00:37]} 38. Qxd6 {[%clk 0:00:34]} Bxd6 39. Bc1 Bc5
{[%clk 0:00:38]} 40. Bc6 {[%clk 0:00:35]} Nd6 {[%clk 0:00:39]} 41. Kg2
{[%clk 0:00:34]} f5 {[%clk 0:00:38]} 42. g4 {[%clk 0:00:29]} Kf6 {[%clk 0:00:37]}
43. Kf3 {[%clk 0:00:28]} e4+ {[%clk 0:00:38]} 44. Ke2 {[%clk 0:00:29]} Ke5
{[%clk 0:00:37]} 45. Bh6 {[%clk 0:00:30]} Nc4 {[%clk 0:00:24]} 46. gxf5
{[%clk 0:00:17]} gxf5 {[%clk 0:00:24]} 47. Bc1 {[%clk 0:00:18]} Nd6
{[%clk 0:00:25]} 48. Bh6 {[%clk 0:00:19]} Nc4 {[%clk 0:00:26]} 49. Bc1
{[%clk 0:00:20]} Nd6 {[%clk 0:00:27]} 50. Bh6 {[%clk 0:00:15]} 1/2-1/2

[Event "Blitz 2018"]
[Site "Saint-Petersburg"]
[Date "2018.12.29"]
[Round "9"]
[Board "34"]
[White "Dreev Aleksey (RUS)"]
[Black "Frolyanov Dmitry (RUS)"]
[Result "1-0"]
[LiveChessVersion "1.4.8"]
[BlackElo "2557"]
[WhiteElo "2675"]

1. d4 {[%clk 0:03:03]} d5 {[%clk 0:03:04]} 2. c4 {[%clk 0:03:04]} e6
{[%clk 0:03:05]} 3. Nf3 {[%clk 0:03:05]} Nf6 {[%clk 0:03:06]} 4. Nc3
{[%clk 0:03:06]} dxc4 {[%clk 0:03:06]} 5. e4 {[%clk 0:03:07]} Bb4
{[%clk 0:03:07]} 6. Bxc4 {[%clk 0:03:07]} Nxe4 {[%clk 0:03:07]} 7. O-O
{[%clk 0:03:08]} Nxc3 {[%clk 0:03:08]} 8. bxc3 {[%clk 0:03:08]} Be7
{[%clk 0:03:08]} 9. Ne5 {[%clk 0:02:54]} O-O {[%clk 0:03:05]} 10. Bf4
{[%clk 0:02:12]} Nd7 {[%clk 0:02:58]} 11. Qe2 {[%clk 0:01:58]} Nf6
{[%clk 0:02:30]} 12. Rad1 {[%clk 0:01:57]} c5 {[%clk 0:02:28]} 13. dxc5
{[%clk 0:01:51]} Qe8 {[%clk 0:02:01]} 14. Bb5 {[%clk 0:01:48]} 1-0

[Event "Blitz 2018"]
[Site "Saint-Petersburg"]
[Date "2018.12.29"]
[Round "9"]
[Board "35"]
[White "Khismatullin Denis (RUS)"]
[Black "Yilmaz Mustafa (TUR)"]
[Result "0-1"]
[LiveChessVersion "1.4.8"]
[BlackElo "2515"]
[WhiteElo "2674"]

1. b3 {[%clk 0:03:03]} d5 {[%clk 0:03:00]} 2. Bb2 {[%clk 0:03:04]} Bg4
{[%clk 0:03:00]} 3. f3 {[%clk 0:03:04]} Bf5 {[%clk 0:03:00]} 4. e3
{[%clk 0:03:05]} e6 {[%clk 0:02:54]} 5. Nc3 {[%clk 0:02:56]} c5 {[%clk 0:02:50]}
6. d4 {[%clk 0:02:30]} Nc6 {[%clk 0:02:46]} 7. Qd2 {[%clk 0:02:30]} Nf6
{[%clk 0:02:17]} 8. Bb5 {[%clk 0:02:26]} Rc8 {[%clk 0:02:15]} 9. Nge2
{[%clk 0:02:08]} a6 {[%clk 0:02:07]} 10. Bxc6+ {[%clk 0:02:00]} Rxc6
{[%clk 0:02:08]} 11. O-O {[%clk 0:02:00]} Bd6 {[%clk 0:01:59]} 12. dxc5
{[%clk 0:01:03]} Rxc5 {[%clk 0:01:57]} 13. Rfd1 {[%clk 0:00:35]} Qc7
{[%clk 0:01:48]} 14. h3 {[%clk 0:00:18]} O-O {[%clk 0:01:38]} 15. Nd4
{[%clk 0:00:15]} Rc8 {[%clk 0:01:24]} 16. Na4 {[%clk 0:00:14]} Bg6
{[%clk 0:00:34]} 17. Nxc5 {[%clk 0:00:11]} Bxc5 {[%clk 0:00:35]} 18. Kh1
{[%clk 0:00:07]} Ba7 {[%clk 0:00:36]} 19. Rac1 {[%clk 0:00:07]} Bb8
{[%clk 0:00:37]} 20. f4 {[%clk 0:00:08]} Ne4 {[%clk 0:00:38]} 21. Qe1
{[%clk 0:00:09]} b5 {[%clk 0:00:38]} 22. Nf3 {[%clk 0:00:09]} f6 {[%clk 0:00:36]}
23. c4 {[%clk 0:00:09]} bxc4 {[%clk 0:00:34]} 24. bxc4 {[%clk 0:00:10]} dxc4
{[%clk 0:00:35]} 25. Qb4 {[%clk 0:00:10]} Nf2+ {[%clk 0:00:34]} 26. Kh2
{[%clk 0:00:10]} Nxd1 {[%clk 0:00:34]} 27. Rxd1 {[%clk 0:00:12]} Bd3
{[%clk 0:00:29]} 28. Bd4 {[%clk 0:00:09]} Re8 {[%clk 0:00:19]} 29. Qc3
{[%clk 0:00:09]} e5 {[%clk 0:00:19]} 30. Rxd3 {[%clk 0:00:07]} cxd3
{[%clk 0:00:19]} 31. Qb3+ {[%clk 0:00:08]} Kh8 {[%clk 0:00:16]} 32. Bb6
{[%clk 0:00:08]} Qd7 {[%clk 0:00:15]} 0-1